| 000 | 00883nam a2200217 a 4500 | ||
|---|---|---|---|
| 001 | 000007267 | ||
| 005 | 20200929154121.0 | ||
| 008 | 090907s2004 dr ad 001 0 spa d | ||
| 040 |
_aDO-SdBNP _bspa _cBNPHU |
||
| 082 |
_a338.642 _bD371o |
||
| 110 | 1 |
_aPrograma de Apoyo a las Pequeñas Empresas Privadas Dominicanas _920163 |
|
| 245 | 1 | 0 |
_aDemanda y oferta : _bservicios de desarrollo empresarial (SDE) de las pequeñas empresas / _cedición Neus Dolset ; Investigador Leonard Kemp. |
| 246 | 1 | 4 |
_aDemanda y oferta : _bservicios de desarrollo empresarial (SDE) |
| 260 |
_aSanto Domingo : _bPROEMPRESA, _c2004. |
||
| 300 |
_a130 p. : _bil., gráf. ; _c23 cm. |
||
| 500 | _aPrograma de Apoyo a las Pequeñas Empresas Privadas Dominicanas | ||
| 500 | _aKemp, Leonard. | ||
| 650 | 4 |
_aMicroempresas _99530 |
|
| 650 | 4 |
_aTamaño de la industria _920164 |
|
| 700 | 1 |
_aDolset, Neus, _eed. _920165 |
|
| 999 |
_c7048 _d7048 |
||